[Event "ODJM C 2023"]
[Site "Willingen GER"]
[Date "2023.05.28"]
[Round "2"]
[White "Claussen, Daniela"]
[Black "Du, Melina"]
[Result "1-0"]
[Termination "normal"]
[Board "37"]
[WhiteElo "1043"]
[BlackElo "931"]
[PlyCount "63"]
[WhiteFideId "16248929"]
[BlackFideId "34639659"]
[EventCountry "GER"]
[EventRounds "9"]
[EventType "swiss"]
[EventDate "2023.05.27"]

1. b3 e5 2. Bb2 Nc6 3. e3 Nf6 4. Bb5 Bd6 5. Nf3 a6 6. Bxc6 dxc6 7. Nxe5 Bxe5 8.
Bxe5 O-O 9. f4 Bg4 10. Qc1 Rc8 11. d3 Qd5 12. O-O Qe6 13. Rf2 b5 14. e4 Bh5 15.
Nd2 Ng4 16. Rf1 Nxe5 17. fxe5 Qxe5 18. Rf5 Qd4+ 19. Kh1 Bg6 20. Rg5 h6 21. Nf3
Qf6 22. Rg3 Bh5 23. Qf1 Bxf3 24. Rxf3 Qb2 25. Rg3 Qxc2 26. Rc1 Qxa2 27. Rxc6
Qxb3 28. Rxh6 a5 29. h3 a4 30. Qf6 Qb1+ 31. Kh2 g6 32. Rh8# 1-0

[Event "ODJM C 2023"]
[Site "Willingen GER"]
[Date "2023.05.28"]
[Round "2"]
[White "Aslanov, Kamran"]
[Black "Lohrmann, Flavia"]
[Result "0-1"]
[Termination "normal"]
[Board "38"]
[WhiteElo "905"]
[BlackElo "1066"]
[PlyCount "106"]
[WhiteFideId "34660402"]
[BlackFideId "12982865"]
[EventCountry "GER"]
[EventRounds "9"]
[EventType "swiss"]
[EventDate "2023.05.27"]

1. e4 e5 2. Nf3 Nc6 3. Bc4 Bc5 4. Nxe5 Nxe5 5. d4 Bb4+ 6. Nd2 Bxd2+ 7. Qxd2
Nxc4 8. Qd3 Nb6 9. Qg3 g6 10. Bg5 Nf6 11. Qe5+ Qe7 12. Bxf6 Qxe5 13. Bxe5 O-O
14. Bxc7 Nc4 15. b3 Na3 16. Rc1 Re8 17. O-O Rxe4 18. Bd6 Nb5 19. Be5 d6 20. c4
dxe5 21. cxb5 exd4 22. Rfe1 Bf5 23. f3 Re3 24. Kf2 Rae8 25. g4 Bd3 26. Rcd1
Re2+ 27. Rxe2 Rxe2+ 28. Kg3 Bxb5 29. Rxd4 Kg7 30. a4 Bd3 31. Rxd3 g5 32. Rd7
Kg6 33. Rxb7 f5 34. gxf5+ Kxf5 35. Rb5+ Kg6 36. b4 h5 37. h4 gxh4+ 38. Kxh4
Rh2+ 39. Kg3 Rh1 40. Rb7 Rg1+ 41. Kf2 Rg5 42. f4 Rg4 43. Kf3 Rg1 44. Kf2 Ra1
45. Rxa7 Kf5 46. Kg3 Rg1+ 47. Kh4 Rh1+ 48. Kg3 h4+ 49. Kg2 Rd1 50. Rh7 Kg4 51.
f5 Rd2+ 52. Kf1 Kf3 53. Rxh4 Rd1# 0-1

[Event "ODJM C 2023"]
[Site "Willingen GER"]
[Date "2023.05.28"]
[Round "2"]
[White "Moissl, Julian"]
[Black "Andrade, Levin"]
[Result "1/2-1/2"]
[Termination "normal"]
[Board "39"]
[WhiteElo "1160"]
[BlackElo "840"]
[PlyCount "105"]
[WhiteFideId "16295129"]
[BlackFideId "34660399"]
[EventCountry "GER"]
[EventRounds "9"]
[EventType "swiss"]
[EventDate "2023.05.27"]

1. d4 d5 2. c4 e6 3. Nc3 Nf6 4. Bg5 Be7 5. Nf3 O-O 6. e3 a6 7. Bd3 dxc4 8. Bxc4
b5 9. Bd3 Nbd7 10. O-O c5 11. Qc2 h6 12. Bf4 cxd4 13. Nxd4 Bb7 14. Nde2 Qc8 15.
f3 g5 16. Bg3 g4 17. fxg4 Nxg4 18. Bh7+ Kh8 19. Qd3 Bg5 20. Qd4+ Kxh7 21. Qxg4
Bxe3+ 22. Kh1 Qc6 23. Qf3 Qxf3 24. gxf3 b4 25. Nd1 Bd2 26. Kg2 a5 27. Nf2 Be3
28. Ng4 Ba6 29. Nxe3 Bxe2 30. Rfe1 Bb5 31. Rac1 Rac8 32. Red1 Rxc1 33. Rxc1 Nb6
34. Bc7 Rc8 35. Rc2 Nd5 36. Nxd5 exd5 37. Rc5 d4 38. Kf2 Ba6 39. Ke1 Re8+ 40.
Re5 Rxe5+ 41. Bxe5 d3 42. Bc7 a4 43. Ba5 b3 44. axb3 axb3 45. Kf2 Kg6 46. Bd2
h5 47. h4 Kf5 48. Ke3 Ke5 49. Kf2 f5 50. Ke3 f4+ 51. Kf2 Kd4 52. Kg2 Bc4 53.
Kf2 1/2-1/2

[Event "ODJM C 2023"]
[Site "Willingen GER"]
[Date "2023.05.28"]
[Round "2"]
[White "Lau, Lars"]
[Black "Kutz, Henning Jasper"]
[Result "1-0"]
[Termination "normal"]
[Board "40"]
[WhiteElo "1244"]
[BlackElo "830"]
[PlyCount "51"]
[WhiteFideId "34623663"]
[BlackFideId "34612882"]
[EventCountry "GER"]
[EventRounds "9"]
[EventType "swiss"]
[EventDate "2023.05.27"]

1. e3 e5 2. c4 d5 3. cxd5 Qxd5 4. Nc3 Qd8 5. Nf3 Bg4 6. Be2 Nc6 7. h3 Bxf3 8.
Bxf3 Bb4 9. Qa4 Qd6 10. Bxc6+ bxc6 11. Ne4 Qf8 12. Qxc6+ Ke7 13. Nc3 Bxc3 14.
bxc3 Qd8 15. Ba3+ Qd6 16. Bxd6+ cxd6 17. Qxa8 Kf6 18. Rb1 g6 19. Qf8 g5 20. Rb7
Kg6 21. Qxf7+ Kh6 22. Qg7+ Kh5 23. g4+ Kh4 24. Qxh7+ Rxh7 25. Rxh7+ Nh6 26.
Rxh6# 1-0

[Event "ODJM C 2023"]
[Site "Willingen GER"]
[Date "2023.05.28"]
[Round "2"]
[White "Gattermayer, Jan"]
[Black "Prokscha, Marlene"]
[Result "0-1"]
[Termination "normal"]
[Board "41"]
[WhiteElo "852"]
[BlackElo "1054"]
[PlyCount "78"]
[WhiteFideId "34622306"]
[BlackFideId "34631291"]
[EventCountry "GER"]
[EventRounds "9"]
[EventType "swiss"]
[EventDate "2023.05.27"]

1. d4 d5 2. Nc3 Bf5 3. Bf4 c6 4. Nf3 Nf6 5. e3 e6 6. Bd3 Bxd3 7. Qxd3 Bd6 8.
Bg3 Bxg3 9. fxg3 O-O 10. O-O-O b5 11. e4 b4 12. e5 bxc3 13. Qxc3 Ne4 14. Qe3
Qa5 15. a3 c5 16. Qe1 Qxe1 17. Rhxe1 c4 18. Nd2 Nf2 19. Nf3 Nxd1 20. Rxd1 Rc8
21. c3 f6 22. Re1 Nc6 23. Kc2 Re8 24. b3 fxe5 25. Nxe5 Nxe5 26. Rxe5 Rf8 27.
Re2 cxb3+ 28. Kxb3 Rab8+ 29. Kc2 a5 30. a4 Rb6 31. Kd3 Rc6 32. Rc2 Rf5 33. Rb2
Rc4 34. Rb8+ Kf7 35. Rb7+ Kg6 36. g4 Rf4 37. h3 Rxa4 38. Rb6 Re4 39. Rxe6+ Rxe6
0-1

[Event "ODJM C 2023"]
[Site "Willingen GER"]
[Date "2023.05.28"]
[Round "2"]
[White "Schilay, Vinzenz"]
[Black "Haas, Valentina"]
[Result "1-0"]
[Termination "normal"]
[Board "42"]
[WhiteElo "1052"]
[BlackElo "797"]
[PlyCount "85"]
[WhiteFideId "12983209"]
[BlackFideId "34660461"]
[EventCountry "GER"]
[EventRounds "9"]
[EventType "swiss"]
[EventDate "2023.05.27"]

1. e4 e5 2. Nf3 Nf6 3. Nc3 Nc6 4. Be2 Be7 5. d3 Bb4 6. Bg5 Be7 7. Qd2 h6 8. Bh4
Bb4 9. a3 Ba5 10. b4 Bb6 11. Nd5 Nxd5 12. Bxd8 Nxd8 13. exd5 a5 14. Nxe5 d6 15.
Nc4 axb4 16. Qxb4 c5 17. dxc6 Bc5 18. Nxd6+ Bxd6 19. Qxd6 bxc6 20. Qe5+ Be6 21.
Qxg7 Rf8 22. Qxh6 f5 23. Bh5+ Bf7 24. Qe3+ Ne6 25. Bxf7+ Kxf7 26. O-O c5 27.
Qf3 Nd4 28. Qd5+ Ke8 29. Rfe1+ Ne6 30. Qxa8+ Kf7 31. Qd5 Re8 32. Qd7+ Re7 33.
Qd5 Kf6 34. Qe5+ Kf7 35. Qxf5+ Ke8 36. Rxe6 Rxe6 37. Qxe6+ Kd8 38. Rb1 Kc7 39.
Qh6 c4 40. d4 Kd7 41. Rb7+ Kc8 42. Qh7 Kd8 43. Rb8# 1-0

[Event "ODJM C 2023"]
[Site "Willingen GER"]
[Date "2023.05.28"]
[Round "2"]
[White "Kraus, Joshua"]
[Black "Steinkamp, Matthis"]
[Result "0-1"]
[Termination "normal"]
[Board "43"]
[WhiteElo "836"]
[BlackElo "1153"]
[PlyCount "126"]
[WhiteFideId "34660500"]
[BlackFideId "16287622"]
[EventCountry "GER"]
[EventRounds "9"]
[EventType "swiss"]
[EventDate "2023.05.27"]

1. e4 c5 2. Nf3 e6 3. Nc3 Nc6 4. d4 Nxd4 5. Nxd4 cxd4 6. Qxd4 Qc7 7. Be2 e5 8.
Nd5 Qd6 9. Qc4 Kd8 10. Be3 Ne7 11. Rd1 Nxd5 12. Qxd5 Qb4+ 13. Bd2 Qxb2 14. Rc1
f6 15. O-O g6 16. Ba5+ Ke8 17. Bc4 b6 18. Qxa8 Kd8 19. Qxa7 bxa5 20. Qxa5+ Ke7
21. Qc5+ Kd8 22. Qe3 d6 23. Qb3 Qd4 24. Rcd1 Qc5 25. Rd5 Qc7 26. Rb1 Be7 27.
Qb6 Qxb6 28. Rxb6 Be6 29. Ra5 Bxc4 30. Ra8+ Kc7 31. Rxh8 Kxb6 32. Rxh7 Bd8 33.
f3 Bxa2 34. Kf2 Kc5 35. Kg3 Bb1 36. Kg4 Bxc2 37. Rg7 g5 38. Kf5 Kd4 39. Rd7 Ba5
40. Rxd6+ Ke3 41. Rxf6 Bd2 42. Kxg5 Kf2+ 43. Kf5 Kxg2 44. h4 Kxf3 45. h5 Bf4
46. h6 Bxe4+ 47. Ke6 Kg4 48. Rxf4+ exf4 49. Ke5 Bb1 50. Kd4 f3 51. Ke5 f2 52.
Kf6 f1=Q+ 53. Kg7 Qh3 54. h7 Qxh7+ 55. Kf6 Kf4 56. Ke6 Qe4+ 57. Kd6 Kf5 58. Kc7
Qd5 59. Kc8 Ke6 60. Kb8 Kd6 61. Kc8 Be4 62. Kd8 Qf7 63. Kc8 Qc7# 0-1

[Event "ODJM C 2023"]
[Site "Willingen GER"]
[Date "2023.05.28"]
[Round "2"]
[White "Grunert, Greta"]
[Black "Gyácsok, Rozália"]
[Result "1-0"]
[Termination "normal"]
[Board "44"]
[WhiteElo "1100"]
[BlackElo "750"]
[PlyCount "29"]
[WhiteFideId "16258649"]
[BlackFideId "34658424"]
[EventCountry "GER"]
[EventRounds "9"]
[EventType "swiss"]
[EventDate "2023.05.27"]

1. e4 e5 2. Nf3 Nc6 3. Bb5 f5 4. exf5 e4 5. Qe2 d5 6. Nd4 Bd7 7. Bxc6 Bxc6 8.
Nxc6 bxc6 9. d3 Bd6 10. dxe4 Qh4 11. exd5+ Ne7 12. dxc6 O-O 13. Nc3 Rae8 14. g3
Qh3 15. Qc4+ {Schwarz zog an dieser Stelle Sf5 und verlor die Partie wegen dem
zweiten unmöglichen Zug} 1-0